000 00464nam a2200181Ia 4500
003 LK-CoDNM
005 20240229144139.0
008 010623t1902 xxu||||| |||| 00| 1 sin d
040 _aLK-CoDNM
_dLK-CoDNM
_eLK-CoDNM
041 _asin
080 _a104 X1
100 _aCorea,J.F
245 _aකව් සහ ගීතිකා
246 _aHymns
260 _bCeylon religious tract society
_aColombo
_c1902
300 _bDamaged
_a143p.,13 cm
942 _cBK
999 _c85435
_d85435